[Event "Stay Safe Play From Home 280"]
[Site "Emanuel Lasker Arena"]
[Date "2020.07.06"]
[Round "4"]
[White "Justwatch"]
[Black "GIULIO19031975"]
[Result "0-1"]
[WhiteElo "1726"]
[BlackElo "1796"]
[Annotator "NA"]
[PlyCount "54"]
[EventDate "2020.07.06"]
[EventType "swiss (blitz)"]

1. e4 {[%emt 0:00:02]} c5 {[%emt 0:00:01]} 2. Nf3 {[%emt 0:00:02]} e6 {[%emt 0:00:01]} 3. Nc3 {[%emt 0:00:00]} d5 {[%emt 0:00:01]} 4. exd5 {[%emt 0:00:01]} exd5 {[%emt 0:00:01]} 5. g3 {[%emt 0:00:00]} Nf6 {[%emt 0:00:01]} 6. Bg2 {[%emt 0:00:00]} Nc6 {[%emt 0:00:00]} 7. d3 {[%emt 0:00:00]} Be7 {[%emt 0:00:00]} 8. Bg5 {[%emt 0:00:00]} O-O {[%emt 0:00:00]} 9. O-O {[%emt 0:00:00]} Be6 {[%emt 0:00:00]} 10. Re1 {[%emt 0:00:01]} Re8 {[%emt 0:00:01]} 11. a3 {[%emt 0:00:01]} d4 {[%emt 0:00:01]} 12. Bxf6 {[%emt 0:00:02]} Bxf6 {[%emt 0:00:01]} 13. Ne4 {[%emt 0:00:01]} Be7 {[%emt 0:00:01]} 14. Qd2 {[%emt 0:00:01]} Bd5 {[%emt 0:00:00]} 15. Qf4 {[%emt 0:00:03]} Bxe4 {[%emt 0:00:01]} 16. Rxe4 {[%emt 0:00:02]} h6 {[%emt 0:00:00]} 17. Qg4 {[%emt 0:00:02]} Bf6 {[%emt 0:00:03]} 18. Nh4 {[%emt 0:00:02]} Bxh4 {[%emt 0:00:01]} 19. Qxh4 {[%emt 0:00:00]} Re5 {[%emt 0:00:01]} 20. Qxd8+ {[%emt 0:00:02]} Rxd8 {[%emt 0:00:01]} 21. Rxe5 {[%emt 0:00:02]} Nxe5 {[%emt 0:00:01]} 22. Re1 {[%emt 0:00:01]} Ng6 {[%emt 0:00:01]} 23. Bxb7 {[%emt 0:00:01]} Rb8 {[%emt 0:00:01]} 24. Be4 {[%emt 0:00:01]} Rxb2 {[%emt 0:00:01]} 25. Bxg6 {[%emt 0:00:00]} fxg6 {[%emt 0:00:01]} 26. Re5 {[%emt 0:00:01]} Rxc2 {[%emt 0:00:01]} 27. Rxc5 {[%emt 0:00:00]} Rxc5 {[%emt 0:00:01] Justwatch terk eder (Lag: Av=0.48s, max=0.6s)} 0-1

[Event "Stay Safe Play From Home 280"]
[Site "Emanuel Lasker Arena"]
[Date "2020.07.06"]
[Round "4"]
[White "Robk"]
[Black "Klasman"]
[Result "0-1"]
[WhiteElo "1585"]
[BlackElo "1365"]
[Annotator "NA RC"]
[PlyCount "52"]
[EventDate "2020.07.06"]
[EventType "swiss (blitz)"]

1. e4 {[%emt 0:00:01]} f5 {[%emt 0:00:01]} 2. exf5 {[%emt 0:00:08]} Nf6 {[%emt 0:00:01]} 3. Nf3 {[%emt 0:00:00]} d5 {[%emt 0:00:01]} 4. d4 {[%emt 0:00:00]} Bxf5 {[%emt 0:00:02]} 5. Nc3 {[%emt 0:00:00]} e6 {[%emt 0:00:01]} 6. Be2 {[%emt 0:00:02]} Bb4 {[%emt 0:00:01]} 7. O-O {[%emt 0:00:00]} Bxc3 {[%emt 0:00:01]} 8. bxc3 {[%emt 0:00:00]} Ne4 {[%emt 0:00:01]} 9. Bd3 {[%emt 0:00:01]} Nxc3 {[%emt 0:00:03]} 10. Qd2 {[%emt 0:00:02]} Ne4 {[%emt 0:00:02]} 11. Re1 {[%emt 0:00:02]} Nxd2 {[%emt 0:00:02]} 12. Bxd2 {[%emt 0:00:02]} Bxd3 {[%emt 0:00:01]} 13. cxd3 {[%emt 0:00:02]} Qd7 {[%emt 0:00:01]} 14. Rab1 {[%emt 0:00:02]} b6 {[%emt 0:00:02]} 15. Re2 {[%emt 0:00:01]} O-O {[%emt 0:00:05]} 16. Rbe1 {[%emt 0:00:02]} Rf6 {[%emt 0:00:04]} 17. Ng5 {[%emt 0:00:01]} h6 {[%emt 0:00:02]} 18. Nxe6 {[%emt 0:00:02]} Nc6 {[%emt 0:00:02]} 19. Nf4 {[%emt 0:00:05]} Nxd4 {[%emt 0:00:03]} 20. Re7 {[%emt 0:00:04]} Qf5 {[%emt 0:00:04]} 21. Nh3 {[%emt 0:00:06]} h5 {[%emt 0:00:02]} 22. Rxc7 {[%emt 0:00:04]} g5 {[%emt 0:00:02]} 23. Ree7 {[%emt 0:00:02]} g4 {[%emt 0:00:03]} 24. Rg7+ {[%emt 0:00:01]} Kf8 {[%emt 0:00:01]} 25. Rh7 {[%emt 0:00:07]} Rg6 {[%emt 0:00:02]} 26. Rh8+ {[%emt 0:00:01]} Rg8 {[%emt 0:00:01] Time (Lag: Av=0.54s, max=0.7s)} 0-1

[Event "Stay Safe Play From Home 280"]
[Site "Emanuel Lasker Arena"]
[Date "2020.07.06"]
[Round "5"]
[White "Mepe_Nika"]
[Black "little champs"]
[Result "0-1"]
[WhiteElo "2421"]
[BlackElo "2246"]
[Annotator "TA"]
[PlyCount "82"]
[EventDate "2020.07.06"]
[EventType "swiss (blitz)"]

{[%evp 9,81,49,65,62,69,64,65,37,119,59,41,51,44,36,57,57,56,21,31,0,83,70,64,37,43,39,55,55,54,52,77,52,75,27,39,-8,72,68,77,74,127,131,287,248,306,226,327,314,298,296,747,212,243,211,202,145,197,197,220,93,224,87,79,0,0,-563,-563,-29994,-29995,-29995,-29996,-29998,-29999,-29999]} 1. d4 c6 2. Bf4 d5 3. e3 Nf6 4. c4 g6 5. Nc3 dxc4 6. Bxc4 {D10: Slav Defence: 3 cxd5 (without early Nf3) and 3 Nc3.} Bg7 7. Nf3 O-O {[#]} 8. Ne5 $146 {White is slightly better.} ({Predecessor:} 8. O-O Nbd7 9. Qe2 Nb6 10. Bb3 a5 11. e4 a4 12. Bc2 Be6 13. Rfd1 Nh5 14. Be3 {½-½ (71) Najer,E (2634)-Yu,L (2372) China 2013}) 8... Bf5 (8... Nd5 $14) 9. O-O (9. Qb3 $16) 9... Nbd7 $14 10. Qb3 {[%cal Re5f7]} Nxe5 11. Bxe5 b5 12. Be2 a5 13. Qd1 a4 14. Bd3 Rc8 (14... Bxd3 $11 {remains equal.} 15. Qxd3 b4 16. Bxf6 Bxf6) 15. Bxf5 $16 gxf5 16. a3 e6 17. Qf3 Nd5 18. Qg3 {[%csl Ge5][%cal Rg3g7] [#]} f6 19. Bd6 Rf7 20. Rac1 $36 {[%mdl 2048] White is pushing.} Qd7 21. Bf4 Kh8 22. Qf3 Rg8 (22... Nxc3 $11 23. Rxc3 e5) 23. Nxd5 cxd5 24. Rc5 e5 ({Black should play} 24... Rc8) 25. Bg3 e4 $2 (25... f4 $16) 26. Qe2 Bh6 27. Qxb5 ({Less strong is} 27. Rxb5 f4 $18) 27... Qe6 (27... Qxb5 $142 28. Rxb5 f4) 28. Rxd5 f4 29. exf4 Bxf4 $2 (29... Qg4 30. Qxa4 Bxf4) 30. Rf5 $2 (30. Bxf4 Qe8 31. Re1) 30... Bxg3 31. hxg3 e3 32. Qd5 exf2+ (32... Qxd5 $16 33. Rxd5 Rb7 34. fxe3 {[%mdl 64] Discovered Attack} Rxb2) 33. R1xf2 $18 ({Much less strong is} 33. Kxf2 $6 Qxd5 34. Rxd5 Rb7 $16) 33... Qe1+ 34. Rf1 (34. Kh2 $18 {is the precise move to win.} Rfg7 35. Rxf6) 34... Qe7 (34... Qxg3 $16 {keeps fighting.} 35. Qf3 Rd7) 35. Qf3 (35. Kh2 $18) 35... Rfg7 $16 36. Rxf6 (36. Kh2 $16) 36... Rxg3 $11 37. Qf2 $2 {[%mdl 8192] [#]} (37. Rf7 $11 {and White has nothing to worry.} Rxg2+ 38. Qxg2 Rxg2+ 39. Kxg2 Qe2+ 40. R1f2 Qg4+ 41. Kf1 Qd1+ 42. Kg2) 37... Qg7 $1 $19 {[%cal Rg3g2]} 38. Kh1 Rxg2 {Black mates.} 39. Qf3 Rg3 40. Qf2 Rh3+ 41. Qh2 Qg2# {[%mdl 64] Pin. Accuracy: White = 42%, Black = 48%.} 0-1

[Event "Stay Safe Play From Home 280"]
[Site "Emanuel Lasker Arena"]
[Date "2020.07.06"]
[Round "5"]
[White "Lamborghini"]
[Black "AChessPlayer"]
[Result "0-1"]
[WhiteElo "2250"]
[BlackElo "2437"]
[Annotator "RC"]
[PlyCount "116"]
[EventDate "2020.07.06"]
[EventType "swiss (blitz)"]

1. e4 {[%emt 0:00:02]} c6 {[%emt 0:00:00]} 2. d4 {[%emt 0:00:01]} d5 {[%emt 0:00:00]} 3. Nc3 {[%emt 0:00:01]} dxe4 {[%emt 0:00:00]} 4. Nxe4 {[%emt 0:00:00]} Nf6 {[%emt 0:00:00]} 5. Nxf6+ {[%emt 0:00:01]} exf6 {[%emt 0:00:00]} 6. Bc4 {[%emt 0:00:01]} Bd6 {[%emt 0:00:00]} 7. Qe2+ {[%emt 0:00:01]} Qe7 {[%emt 0:00:01]} 8. Qxe7+ {[%emt 0:00:01]} Kxe7 {[%emt 0:00:00]} 9. Ne2 {[%emt 0:00:01]} Rd8 {[%emt 0:00:01]} 10. Be3 {[%emt 0:00:02]} Kf8 {[%emt 0:00:01]} 11. O-O-O {[%emt 0:00:01]} Nd7 {[%emt 0:00:00]} 12. h3 {[%emt 0:00:01]} Nb6 {[%emt 0:00:00]} 13. Bd3 {[%emt 0:00:01]} g6 {[%emt 0:00:00]} 14. a3 {[%emt 0:00:02]} a5 {[%emt 0:00:01]} 15. c4 {[%emt 0:00:01]} Bc7 {[%emt 0:00:02]} 16. Nc3 {[%emt 0:00:01]} Re8 {[%emt 0:00:01]} 17. Rhe1 {[%emt 0:00:02]} Bd7 {[%emt 0:00:02]} 18. Kc2 {[%emt 0:00:01]} Kg7 {[%emt 0:00:00]} 19. b3 {[%emt 0:00:02]} f5 {[%emt 0:00:01]} 20. d5 {[%emt 0:00:03]} cxd5 {[%emt 0:00:02]} 21. c5 {[%emt 0:00:01]} Nc8 {[%emt 0:00:02]} 22. Bd4+ {[%emt 0:00:01]} f6 {[%emt 0:00:03]} 23. Nxd5 {[%emt 0:00:01]} Be5 {[%emt 0:00:02]} 24. Bc4 {[%emt 0:00:04]} Na7 {[%emt 0:00:06]} 25. Nb6 {[%emt 0:00:02]} Rad8 {[%emt 0:00:01]} 26. Bxe5 {[%emt 0:00:01]} Bc6 {[%emt 0:00:04]} 27. Rxd8 {[%emt 0:00:03]} Rxd8 {[%emt 0:00:00]} 28. Bd6 {[%emt 0:00:01]} Bxg2 {[%emt 0:00:01]} 29. Re7+ {[%emt 0:00:01]} Kh6 {[%emt 0:00:00]} 30. h4 {[%emt 0:00:04]} Be4+ {[%emt 0:00:03]} 31. Kc3 {[%emt 0:00:01]} Nc6 {[%emt 0:00:01]} 32. Nd5 {[%emt 0:00:01]} Nxe7 {[%emt 0:00:02]} 33. Nxe7 {[%emt 0:00:01]} g5 {[%emt 0:00:02]} 34. hxg5+ {[%emt 0:00:01]} fxg5 {[%emt 0:00:00]} 35. Be6 {[%emt 0:00:01]} Kh5 {[%emt 0:00:02]} 36. Nxf5 {[%emt 0:00:01]} Bxf5 {[%emt 0:00:02]} 37. Bxf5 {[%emt 0:00:01]} Kh4 {[%emt 0:00:00]} 38. f3 {[%emt 0:00:01]} g4 {[%emt 0:00:00]} 39. Kd4 {[%emt 0:00:01]} g3 {[%emt 0:00:02]} 40. Ke3 {[%emt 0:00:02]} g2 {[%emt 0:00:01]} 41. Kf2 {[%emt 0:00:01]} Rg8 {[%emt 0:00:01]} 42. Bg4 {[%emt 0:00:02]} Kg5 {[%emt 0:00:02]} 43. Bg3 {[%emt 0:00:00]} h5 {[%emt 0:00:01]} 44. f4+ {[%emt 0:00:01]} Kxg4 {[%emt 0:00:01]} 45. Kxg2 {[%emt 0:00:00]} h4 {[%emt 0:00:00]} 46. Bxh4 {[%emt 0:00:01]} Kxh4+ {[%emt 0:00:01]} 47. Kf3 {[%emt 0:00:00]} Kh5 {[%emt 0:00:00]} 48. Ke4 {[%emt 0:00:01]} Kg6 {[%emt 0:00:00]} 49. Kd5 {[%emt 0:00:00]} Kf7 {[%emt 0:00:00]} 50. Kd6 {[%emt 0:00:00]} Re8 {[%emt 0:00:00]} 51. Kc7 {[%emt 0:00:00]} Re7+ {[%emt 0:00:00]} 52. Kb6 {[%emt 0:00:00]} Kf6 {[%emt 0:00:00]} 53. Kxa5 {[%emt 0:00:00]} Re6 {[%emt 0:00:00]} 54. Kb5 {[%emt 0:00:00]} Rc6 {[%emt 0:00:00]} 55. b4 {[%emt 0:00:00]} Re6 {[%emt 0:00:00]} 56. a4 {[%emt 0:00:00]} Re4 {[%emt 0:00:00]} 57. a5 {[%emt 0:00:00]} Rxf4 {[%emt 0:00:00]} 58. Kb6 {[%emt 0:00:01]} Rxb4+ {[%emt 0:00:01] Zeit (Lag: Av=0.53s, max=1.7s)} 0-1

[Event "Stay Safe Play From Home 280"]
[Site "Emanuel Lasker Arena"]
[Date "2020.07.06"]
[Round "5"]
[White "SoulofWolf"]
[Black "VotaryRoma"]
[Result "0-1"]
[WhiteElo "2143"]
[BlackElo "2082"]
[Annotator "TA"]
[PlyCount "76"]
[EventDate "2020.07.06"]
[EventType "swiss (blitz)"]

{[%evp 14,76,31,16,69,45,60,22,18,18,62,23,108,48,123,95,141,79,89,29,99,9,110,36,51,64,151,147,164,125,107,63,110,0,0,-58,-21,-198,-186,-220,-211,-412,-187,-291,-245,-241,-243,-299,-299,-283,-289,-322,-239,-550,-565,-548,-513,-2910,-2812,-5823,-1657,-29997,-29998,-29998,-29999]} 1. c4 Nf6 2. Nc3 g6 3. e3 Bg7 4. Nf3 d6 5. Be2 O-O 6. d4 c5 7. O-O cxd4 8. exd4 Nbd7 {E61: King's Indian: Early deviations for White, including Smyslov System.} (8... d5 $11) 9. Bg5 h6 10. Bh4 g5 {The position is equal.} 11. Bg3 {[#]} Re8 $146 ({Predecessor:} 11... Nh5 12. Rc1 Nxg3 13. hxg3 a6 14. Qd2 b6 15. Rfd1 Bb7 16. Ne1 Qc7 17. Nc2 Rad8 {½-½ (60) Kalergis,N (2059)-Hajioannou,D (1524) Athens 2008}) 12. Re1 b6 (12... Nh5 $11) 13. Qc2 (13. h4 $16) 13... Bb7 (13... Nh5 $14) 14. Rad1 $16 Rc8 15. b3 (15. d5 $142) 15... a6 16. Qd2 (16. d5 $16) 16... Qc7 (16... Nh5 $1 $11 {remains equal.}) 17. h3 ({White should play} 17. h4 $16) 17... Rcd8 (17... b5 $1 $11 {keeps the balance.}) 18. Bh2 (18. h4 $16) 18... e5 19. d5 e4 ({Better is} 19... Bc8 $14) 20. Nd4 Ne5 21. Nf5 Bc8 22. Ne3 Nh7 23. Rc1 ({White should try} 23. Nxe4 $16 {Strongly threatening Ng3.} f5 24. Nc3) 23... f5 $1 $11 24. a4 (24. Nc2 $11) 24... f4 25. Ned1 $2 {[#] This move loses the game for White.} (25. Nc2 $1 $11 {and White stays safe.}) 25... Bf5 26. Bf1 Nf6 27. f3 $2 (27. Nb2) 27... e3 (27... exf3 $142 28. g3 fxg3 29. Bxg3 Nh5) 28. Qa2 (28. Nxe3 $142 fxe3 29. Rxe3) 28... Nd3 29. Bxd3 Bxd3 30. Nb2 Bg6 31. Ne2 Nd7 32. Rcd1 Nc5 33. Nd4 $2 {[#]} (33. b4 {is more resistant.} Nd7 34. Nd3) 33... Bxd4 $19 34. Rxd4 Qg7 35. Red1 (35. Rdd1 $142 Qc3 36. Rc1) 35... e2 36. Kh1 e1=Q+ 37. Rxe1 Rxe1+ 38. Bg1 Qxd4 {Accuracy: White = 18%, Black = 46%.} 0-1

[Event "Stay Safe Play From Home 280"]
[Site "Emanuel Lasker Arena"]
[Date "2020.07.06"]
[Round "5"]
[White "Weltszmerc"]
[Black "Bardellosport"]
[Result "1-0"]
[WhiteElo "2119"]
[BlackElo "2021"]
[Annotator "TA"]
[PlyCount "65"]
[EventDate "2020.07.06"]
[EventType "swiss (blitz)"]

{[%evp 9,65,19,15,-38,-32,-172,-8,-30,-19,-54,-44,-33,-7,-39,-39,-32,-38,-33,-19,-24,0,-72,702,-77,706,672,647,513,602,603,752,754,939,920,1023,939,906,894,1385,1348,1493,1482,5381,5365,29989,29990,29990,29991,29991,29992,29993,29993,29993,29991,29991,29992,29992,29993]} 1. d4 d5 2. c4 dxc4 3. Nf3 Nc6 4. g3 g6 5. Bg2 Bg7 {[%cal Rc6d4] [#]} 6. O-O $146 {D21: Queen's Gambit Accepted: 3 Nf3 sidelines.} (6. d5 $11 Nb8 7. O-O) ({Predecessor:} 6. Qa4 Qd6 7. a3 Bd7 8. Qxc4 Nf6 9. Nc3 Be6 10. Qb5 O-O 11. Bf4 Qd7 12. Rd1 {½-½ (53) Modi,Y (2016)-Sucher,J (2105) Innsbruck 2019}) 6... Nxd4 $15 7. Qa4+ (7. Na3 $15) 7... Nc6 $2 ({Black should try} 7... b5 $19 8. Qd1 Bb7 9. Nxd4 Bxg2 10. Kxg2 Qxd4 11. Qxd4 Bxd4) 8. Qxc4 {The position is equal.} Nf6 9. Bf4 Be6 10. Qb5 Qb8 11. Nc3 (11. Nd4 $5 {[%cal Rd4c6]} Bd7 12. Nxc6 bxc6 13. Qd3 $15) 11... O-O 12. Rfd1 a6 13. Qa4 b5 14. Qc2 Nb4 15. Qb1 (15. Qc1 $11) 15... c5 $2 {[%mdl 8192] White now steadily converts the win.} (15... Qb6 $17) 16. e4 $2 ({Only move:} 16. Bxb8 $18 Raxb8 17. Ng5) 16... Ra7 $2 {[%mdl 8192]} (16... Qc8 $17) 17. Bxb8 $18 Rxb8 18. Nd5 Nfxd5 19. exd5 Bxd5 20. a3 Nc6 21. Rxd5 e6 22. Rd6 Rc7 23. Ng5 Rbc8 24. Rxc6 Rxc6 25. Bxc6 Rxc6 26. Qe4 Rc7 27. Qa8+ {[%mdl 64] [#] Double Attack. White mates.} Bf8 28. Rd1 h6 29. Rd8 Kg7 30. Rxf8 hxg5 31. Rg8+ Kf6 32. Qd8+ {[%mdl 64] [#] Double Attack} Re7 33. Re8 {Accuracy: White = 37%, Black = 34%.} 1-0

[Event "Stay Safe Play From Home 280"]
[Site "Emanuel Lasker Arena"]
[Date "2020.07.06"]
[Round "5"]
[White "NeatFox"]
[Black "Justwatch"]
[Result "1-0"]
[WhiteElo "1930"]
[BlackElo "1713"]
[Annotator "TA"]
[PlyCount "95"]
[EventDate "2020.07.06"]
[EventType "swiss (blitz)"]

{[%evp 9,94,-38,576,567,579,551,591,575,598,556,572,581,549,546,612,612,722,727,719,724,728,718,768,698,772,773,820,830,872,866,982,787,780,771,768,776,883,885,902,882,958,939,984,971,1073,1047,1163,1052,1161,1216,12834,12834,12835,12835,12835,12836,12836,12837,12835,12833,29993,29994,29994,29995,29996,29996,29996,29993,29993,29993,29993,29994,29994,29992,29995,29993,29994,12844,12844,12841,29994,29994,29997,29998,29998,29999,29999]} 1. g3 Nf6 2. Bg2 g6 3. c4 Bg7 4. Qb3 O-O 5. Bxb7 {[#]} d6 $146 {[%mdl 8192]} (5... Bxb7 $15 {stays ahead.} 6. Qxb7 Nc6) ({Predecessor:} 5... Bxb7 6. Qxb7 Nc6 7. Qb3 Rb8 8. Qd1 Rb7 9. Nf3 d6 10. d4 e6 11. O-O Qa8 {1-0 (40) De Lima,A (1936)-De Carvalho,M (1793) Natal 2013}) 6. Bxa8 $18 {A15: English Opening: 1...Nf6.} Nbd7 7. Bf3 Nb6 8. Nc3 {White is clearly winning.} Be6 9. Nd5 Nfxd5 10. cxd5 Bd7 11. e4 Qc8 12. Ne2 Bg4 13. Bxg4 Qxg4 14. f3 Qh3 15. Kf2 h5 16. Nf4 Qd7 17. d3 Bd4+ 18. Be3 Bxe3+ 19. Kxe3 c6 20. Rhg1 cxd5 21. Nxd5 Nxd5+ 22. Qxd5 a5 23. Rac1 Qa7+ 24. Qd4 Qb7 25. Rc2 Qb5 26. Rgc1 Qg5+ 27. Kf2 h4 28. Rc8 {[#] White wants to mate with Rxf8+.} hxg3+ 29. hxg3 f6 30. Rxf8+ Kxf8 31. Rc8+ Kg7 32. Qd5 Qd2+ 33. Kg1 {Threatening mate with Qg8+.} Qe1+ 34. Kg2 {White threatens Qg8+ and mate.} Qe2+ 35. Kh3 Qf1+ 36. Kg4 f5+ 37. exf5 gxf5+ 38. Qxf5 Qe2 39. Qf8+ Kg6 40. Qg8+ Kf6 41. Rf8+ Ke5 42. Qg7+ Kd5 43. Rf5+ (43. Qc3 $142 Qxd3 44. Qxd3+ Kc6 45. Qc4+ Kb7 46. Rc8 e5 47. Qc6+ {[%mdl 64] Double Attack} Ka7 48. Ra8#) 43... e5 44. Qg8+ Kc6 45. Qc4+ {White mates.} Kd7 46. Rf7+ Ke8 47. Qe6+ {[%mdl 64] [#] Double Attack} Kd8 48. Qd7# 1-0

[Event "Stay Safe Play From Home 280"]
[Site "Emanuel Lasker Arena"]
[Date "2020.07.06"]
[Round "5"]
[White "Greblha"]
[Black "Robk"]
[Result "1-0"]
[WhiteElo "1923"]
[BlackElo "1558"]
[Annotator "TA"]
[PlyCount "55"]
[EventDate "2020.07.06"]
[EventType "swiss (blitz)"]

{[%evp 10,54,10,0,0,-2,11,8,5,2,20,13,13,0,12,-41,-27,-26,-37,-107,0,-11,-11,-97,-95,-130,-124,-124,-131,-124,-119,-125,-21,-22,-22,-137,-33,-249,372,-425,29980,29980,29979,29980,29997,29998,29999]} 1. e4 c5 2. Nc3 e6 3. g3 Nc6 4. Bg2 d6 5. d3 Nf6 6. Be3 Be7 {B24: Closed Sicilian: 3 g3 sidelines.} 7. h3 Bd7 8. f4 O-O {The position is equal.} 9. Nf3 a6 10. O-O {[#]} Rc8 $146 ({Predecessor:} 10... b5 11. Qd2 b4 12. Ne2 a5 13. Rae1 a4 14. g4 e5 15. g5 Nh5 16. f5 Nd4 17. Bxd4 cxd4 {1-0 (36) Khachatryan,S (2179)-Dubois,H (1836) Europe Chess INT 2020}) 11. g4 b5 {[%cal Bb7b5,Bb5b4][%mdl 32]} 12. f5 (12. Ne2 $11) 12... b4 13. Ne2 exf5 14. gxf5 ({White should try} 14. exf5 $15 h5 15. Nh2) 14... Ne5 ({Better is} 14... d5 $1 $17 15. Ne1 Bd6) 15. Nxe5 dxe5 16. Ng3 {[#]} (16. b3 $11) 16... c4 $1 $17 17. Nh5 Nxh5 18. Qxh5 cxd3 19. cxd3 Bb5 20. Rad1 Bc5 ({Inferior is} 20... Bxd3 21. Rf2 $16) (20... f6 $17 {Hoping for ...Qa5.} 21. Rd2 Qc7) 21. Bxc5 $11 Rxc5 22. Rf3 (22. f6 $1 $11 {remains equal.} gxf6 23. Kh1) 22... Rc2 (22... Qd4+ $17 23. Kh2 f6) 23. Rg3 $2 (23. f6 $1 $15 gxf6 24. Kh1) 23... Rxb2 $4 {[%mdl 8192] [#]} (23... Qd4+ $19 {avoids the disaster.} 24. Kh1 f6) 24. Rf1 $4 {[%mdl 8192]} (24. Qh6 $1 $18 {[%csl Gg3][%cal Rh6g7]} g6 25. Rf1) 24... Re8 $4 {[%mdl 8192]} (24... Qf6 $19 25. Ra1 Rc8) 25. f6 {White mates.} g6 26. Qh6 {[%csl Gf6][%cal Rh6g7]} Qd4+ 27. Kh1 {[%csl Gf6][%cal Rh6g7]} Qxd3 28. Qg7# {Accuracy: White = 42%, Black = 56%.} 1-0

[Event "Stay Safe Play From Home 280"]
[Site "Emanuel Lasker Arena"]
[Date "2020.07.06"]
[Round "5"]
[White "GIULIO19031975"]
[Black "Ironmike"]
[Result "0-1"]
[WhiteElo "1809"]
[BlackElo "1965"]
[Annotator "NA"]
[PlyCount "78"]
[EventDate "2020.07.06"]
[EventType "swiss (blitz)"]
[BlackTeam "SV Horst-Emscher I"]

{- Dönges, Dirk (1820)} 1. e4 {[%emt 0:00:02]} c5 {[%emt 0:00:01]} 2. Nf3 {[%emt 0:00:00]} Nc6 {[%emt 0:00:00]} 3. Nc3 {[%emt 0:00:00]} b6 {[%emt 0:00:01]} 4. Bb5 {[%emt 0:00:01]} Bb7 {[%emt 0:00:00]} 5. Bxc6 {[%emt 0:00:01]} Bxc6 {[%emt 0:00:01]} 6. d4 {[%emt 0:00:00]} g6 {[%emt 0:00:00]} 7. d5 {[%emt 0:00:00]} Bb7 {[%emt 0:00:01]} 8. Bf4 {[%emt 0:00:01]} Bg7 {[%emt 0:00:00]} 9. Qe2 {[%emt 0:00:01]} Nf6 {[%emt 0:00:00]} 10. O-O {[%emt 0:00:01]} O-O {[%emt 0:00:01]} 11. Nb5 {[%emt 0:00:00]} d6 {[%emt 0:00:01]} 12. a4 {[%emt 0:00:02]} a5 {[%emt 0:00:01]} 13. Qe3 {[%emt 0:00:01]} Nh5 {[%emt 0:00:02]} 14. g4 {[%emt 0:00:02]} Nxf4 {[%emt 0:00:01]} 15. Qxf4 {[%emt 0:00:00]} Bxb2 {[%emt 0:00:00]} 16. Rad1 {[%emt 0:00:02]} Bg7 {[%emt 0:00:00]} 17. c4 {[%emt 0:00:01]} e6 {[%emt 0:00:01]} 18. dxe6 {[%emt 0:00:01]} fxe6 {[%emt 0:00:01]} 19. Qg3 {[%emt 0:00:01]} Bxe4 {[%emt 0:00:03]} 20. Nxd6 {[%emt 0:00:02]} Rxf3 {[%emt 0:00:03]} 21. Nxe4 {[%emt 0:00:01]} Rxg3+ {[%emt 0:00:02]} 22. hxg3 {[%emt 0:00:06]} Bd4 {[%emt 0:00:00]} 23. Kg2 {[%emt 0:00:05]} Qe7 {[%emt 0:00:01]} 24. f4 {[%emt 0:00:01]} Rf8 {[%emt 0:00:01]} 25. Rb1 {[%emt 0:00:01]} e5 {[%emt 0:00:01]} 26. fxe5 {[%emt 0:00:02]} Qxe5 {[%emt 0:00:01]} 27. Rxf8+ {[%emt 0:00:01]} Kxf8 {[%emt 0:00:00]} 28. Rf1+ {[%emt 0:00:02]} Kg7 {[%emt 0:00:00]} 29. Kf3 {[%emt 0:00:04]} h5 {[%emt 0:00:02]} 30. g5 {[%emt 0:00:01]} Qf5+ {[%emt 0:00:03]} 31. Kg2 {[%emt 0:00:06]} Qxe4+ {[%emt 0:00:00]} 32. Kh3 {[%emt 0:00:01]} Be5 {[%emt 0:00:05]} 33. Kh2 {[%emt 0:00:02]} Qxc4 {[%emt 0:00:01]} 34. Rf2 {[%emt 0:00:01]} Qxa4 {[%emt 0:00:01]} 35. Kh3 {[%emt 0:00:01]} h4 {[%emt 0:00:01]} 36. gxh4 {[%emt 0:00:01]} Qb3+ {[%emt 0:00:01]} 37. Kg2 {[%emt 0:00:02]} Qg3+ {[%emt 0:00:02]} 38. Kf1 {[%emt 0:00:02]} Bd4 {[%emt 0:00:01]} 39. Rg2 {[%emt 0:00:01]} Qf3+ {[%emt 0:00:02] Tempo (Lag: Av=1.82s, max=3.9s)} 0-1

[Event "Stay Safe Play From Home 280"]
[Site "Emanuel Lasker Arena"]
[Date "2020.07.06"]
[Round "5"]
[White "Klasman"]
[Black "Haris kollari 13"]
[Result "0-1"]
[WhiteElo "1392"]
[BlackElo "1800"]
[Annotator "NA"]
[PlyCount "48"]
[EventDate "2020.07.06"]
[EventType "swiss (blitz)"]

1. f4 {[%emt 0:00:02]} e6 {[%emt 0:00:00]} 2. c4 {[%emt 0:00:02]} d5 {[%emt 0:00:00]} 3. cxd5 {[%emt 0:00:01]} exd5 {[%emt 0:00:01]} 4. d4 {[%emt 0:00:01]} c6 {[%emt 0:00:01]} 5. Nf3 {[%emt 0:00:02]} f5 {[%emt 0:00:01]} 6. e3 {[%emt 0:00:01]} Nf6 {[%emt 0:00:01]} 7. Bd3 {[%emt 0:00:02]} Ne4 {[%emt 0:00:02]} 8. Bxe4 {[%emt 0:00:02]} fxe4 {[%emt 0:00:02]} 9. Ne5 {[%emt 0:00:01]} Bf5 {[%emt 0:00:02]} 10. g4 {[%emt 0:00:02]} Qh4+ {[%emt 0:00:03]} 11. Kd2 {[%emt 0:00:01]} Be6 {[%emt 0:00:02]} 12. f5 {[%emt 0:00:02]} Bc8 {[%emt 0:00:03]} 13. Nc3 {[%emt 0:00:02]} Nd7 {[%emt 0:00:02]} 14. Ne2 {[%emt 0:00:03]} Bd6 {[%emt 0:00:02]} 15. Nxd7 {[%emt 0:00:06]} Bxd7 {[%emt 0:00:01]} 16. Nf4 {[%emt 0:00:02]} O-O-O {[%emt 0:00:05]} 17. Nh5 {[%emt 0:00:04]} Rhg8 {[%emt 0:00:03]} 18. Kc2 {[%emt 0:00:03]} g6 {[%emt 0:00:01]} 19. fxg6 {[%emt 0:00:03]} Rxg6 {[%emt 0:00:02]} 20. Bd2 {[%emt 0:00:04]} Bxg4 {[%emt 0:00:02]} 21. Qf1 {[%emt 0:00:09]} Qxh5 {[%emt 0:00:01]} 22. h3 {[%emt 0:00:02]} Bf3 {[%emt 0:00:01]} 23. Rh2 {[%emt 0:00:02]} Rdg8 {[%emt 0:00:01]} 24. Re1 {[%emt 0:00:02]} Rg1 {[%emt 0:00:02] Time (Lag: Av=0.37s, max=0.4s)} 0-1